| Tag |
First Indicator |
Second Indicator |
Subfields |
| LEADER |
00000cam a22000001a 4500 |
| 001 |
in00002148021 |
| 006 |
m e d # |
| 007 |
cr mn mmmmabba |
| 008 |
870702s1756 pau sl s000 0 eng d |
| 005 |
20260330200222.8 |
| 035 |
|
|
|z w025815
|
| 035 |
|
|
|a MAAR8707021302B
|
| 035 |
|
|
|9 mwa91-16569
|
| 035 |
|
|
|a 324445
|
| 035 |
|
|
|a aas03025815
|
| 040 |
|
|
|a MWA
|c MWA
|e bdrb
|d UtOrBLW
|
| 110 |
1 |
|
|a New Jersey.
|
| 240 |
1 |
0 |
|a Laws, etc. (Session laws : 1756 May)
|
| 245 |
1 |
0 |
|a Anno regni Georgii II. Regis Magnae Britanniae, Franciae, et Hiberniae, vigesimo nono :
|b At a session of General Assembly of the province of New-Jersey, held at Elizabeth-Town, by adjournments May 20, 1756, and continued till the second day of June following, on which days the the [as printed] following acts were passed.
|
| 264 |
|
3 |
|a Philadelphia :
|b Printed by W. Bradford, printer to the King's Most Excellent Majesty for the province of New-Jersey,
|c [1756]
|
| 300 |
|
|
|a 78 pages ;
|c (folio)
|
| 336 |
|
|
|a text
|b txt
|2 rdacontent
|
| 337 |
|
|
|a computer
|b c
|2 rdamedia
|
| 338 |
|
|
|a online resource
|b cr
|2 rdacarrier
|
| 500 |
|
|
|a Running title: The twenty ninth of George II.
|
| 500 |
|
|
|a Title vignette: royal arms.
|
| 510 |
4 |
|
|a Evans
|c 7728
|
| 510 |
4 |
|
|a Hildeburn, C.R. Pennsylvania,
|c 1487
|
| 530 |
|
|
|a Microform version available in the Readex Early American Imprints series.
|
| 533 |
|
|
|a Electronic text and image data.
|b [Chester, Vt. :
|c Readex, a division of Newsbank, Inc.,
|d 2002-2004.
|e Includes files in TIFF, GIF and PDF formats with inclusion of keyword searchable text.
|f (Early American imprints. First series ; no. 7728).
|
| 500 |
|
|
|a Electronic resource.
|
| 752 |
|
|
|a United States
|b Pennsylvania
|d Philadelphia.
|
| 830 |
|
0 |
|a Early American imprints.
|n Series I,
|p Evans (1639-1800) ;
|v no. 7728.
|
| 856 |
4 |
1 |
|u http://proxy.library.tamu.edu/login?url=https://opac.newsbank.com/select/evans/7728
|y Evans Digital Edition
|t 0
|
| 999 |
|
|
|a MARS
|
| 999 |
f |
f |
|s 51186540-56f9-30b0-8d4a-e50684320b23
|i 0799b4dd-55de-3032-89cd-8135b330de21
|t 0
|
| 952 |
f |
f |
|a Texas A&M University
|b College Station
|c Electronic Resources
|s www_evans
|d Available Online
|t 0
|h No information provided
|
| 998 |
f |
f |
|t 0
|l Available Online
|